000 00833cab a2200265 4500
001 WB2938-11
008 090401t1993 xxu||||| |||| 00| 0 eng d
035 _a(Sirsi) u47993
041 _aeng
245 _aNew flood defence policy
260 _c1993
350 _a0
490 _aTimes
_v12 October 1992, 8
490 _aMAFF News Release
_v(338/93) 11 October 1993 (7)
520 _aMAFF Policy on coastline protection is to concentrate funds on urban areas and early warning systems, while allowing poor quality farmland to succumb to erosion and flooding by the sea.
650 _aCOASTAL DEFENCES
650 _aCOASTS
650 _aSEA DEFENCES
650 _aSEA LEVEL
650 _aSEA WALLS
690 _aENVIRONMENTAL AND LAND CONSULTANCY
690 _aRURAL PRACTICE
942 _n0
948 _c04/03/1997
999 _c30171
_d30171